Statistiques concernant Tous les numéros 10 de Bundesliga 2023/2024

Cliquez ici pour prendre le quiz!

Statistiques générales

  • Ce quiz a été pris 31 fois
  • Le résultat moyen est 4 sur 14

Statistiques - réponses

ClubNationalitéRéponse% Correct
Bayern MunichAllemagneLeroy Sané
97%
RB LeipzigSuèdeEmil Forsberg
76%
Bayer LeverkusenAllemagneFlorian Wirtz
69%
WolfsburgAllemagneLukas Nmecha
24%
HoffenheimPays-BasWout Weghorst
24%
MonchengladbachAllemagneFlorian Neuhaus
14%
Werder BrêmeAllemagneLeonardo Bittencourt
14%
AugsbourgAllemagneArne Maier
10%
Union BerlinAllemagneKevin Volland
10%
HeidenheimAllemagneTim Kleindienst
10%
MayenceAllemagneMarco Richter
7%
BochumAllemagnePhilipp Förster
7%
StuttgartCorée du SudWoo-yeong Jeong
7%
DarmstadtSuisseFilip Stojilkovic
3%

Distribution des résultats

Percentile par nombre de réponses

% des personnes avec chaque résultat

Votre développement - résultats

Vous n’avez pas pris ce quiz